Capybarra's Capybara Quiz! - Statistics

General Stats
  • This quiz has been taken 101 times
  • The average score is 10 of 15
Answer Stats
Question Answer % Correct
What family are they in? Mammal
95%
Which one of these is a capybara?
92%
Which continent has the most capybaras? South America
90%
Which of the following animals is a capybara related to? Guinea Pig
87%
Which picture shows three capybaras?
85%
BONUS: How much do I like capybaras? A LOT! Look at the username people!
82%
Can they sing? No
69%
Are there capybaras in Central America? Yes
69%
Can they talk? Nope!
62%
Which country has the most capybaras? Brazil
59%
How much wild capybaras are in Georgia? 0
51%
Which U.S state has a tiny amount of wild capybaras? Florida
51%
What country in Central America are they located in? Panama
41%
Which country has the capybara featured on currency? Uruguay
28%
How much wild capybaras are in Florida? About 50
26%
No matching quizzes found
Score Distribution
Percent of People with Each Score
Percentile by Number Answered
Your Score History
You have not taken this quiz